00450nam a22001577a 4500003000600000005001700006008004100023040000800064082001600072100002300088245005200111260003600163300003300199440003000232650003000262GBCCL20241126110602.0180514b ||||| |||| 00| 0 eng d cgbc a232.92bMIL aMiller, J. Michael aJesus Christ:bEarly years /cJ. Michael Miller bGraded Press,aNashville:c1985 a64 p.;bill., port.,c21 cm. aWho do you say that I am? aJesus ChristxEarly years